Spájkovanie a lepenie : 9. medzinárodná konferencia. SURF RENO. Zborník prednášok. Žilina 11.10.2000

Salvato in:
Dettagli Bibliografici
Natura: Libro
Lingua:slovacco
polacco
Pubblicazione: Žilina : Dom techniky ZSVTS, 2000
Soggetti:
Tags: Aggiungi Tag
Nessun Tag, puoi essere il primo ad aggiungerne!!

MARC

LEADER 00000nam a22000003a 4500
001 stu61362
005 20150408161908.1
008 011001s2000----xo------------------slo-d
020 |a 80-231-0349-0 
040 |a STU  |b slo 
041 0 |a slo  |a pol 
044 |a xo 
080 |a 621.791.3+621.792(082) 
245 |a Spájkovanie a lepenie :  |b 9. medzinárodná konferencia. SURF RENO. Zborník prednášok. Žilina 11.10.2000 
260 |a Žilina :  |b Dom techniky ZSVTS,  |c 2000 
300 |a 92 s 
650 7 |a spájkovanie  |2 stusub 
650 7 |a lepenie  |2 stusub 
996 |b 284M033317  |c M*Z-1872  |l MMKN  |s A  |a 24  |w stu61362_0001